3G wireless networks

Αποθηκεύτηκε σε:
Λεπτομέρειες βιβλιογραφικής εγγραφής
Κύριος συγγραφέας: Smith, Clint
Άλλοι συγγραφείς: Collins, Daniel
Μορφή: Βιβλίο
Γλώσσα:English
Δημοσίευση: New York : McGraw-Hill, c2002
Σειρά:McGraw-Hill telecom professional
McGraw-Hill telecommunications
Θέματα:
Ετικέτες: Προσθήκη ετικέτας
Δεν υπάρχουν, Καταχωρήστε ετικέτα πρώτοι!

MARC

LEADER 00000nam a2200000 i 4500
001 1/24902
008 020617s2002 eng d
020 |a 0071363815 
035 |l 10067968 
040 |a GR-MY-UA  |b gre  |e aacr 
041 0 |a eng 
082 0 |a 621.38456 SMI 
100 0 |a Smith, Clint. 
245 1 0 |a 3G wireless networks /  |c Clint Smith, Daniel Collins 
260 |a New York :   |b McGraw-Hill,   |c c2002 
300 |a xvi, 620 p.;  |b ill.;  |c 24 cm. 
490 1 |a McGraw-Hill telecom professional 
490 1 |a McGraw-Hill telecommunications 
504 |a Includes bibliographical references and index 
650 0 0 |a Mobile communication systems. 
650 0 0 |a Wireless communication systems. 
650 0 0 |a Global system for mobile communications. 
700 0 |a Collins, Daniel. 
830 0 |a McGraw-Hill telecom professional 
830 0 |a McGraw-Hill telecommunications 
852 |a INST  |b SAMOS  |e 20020617  |h 621.38456 SMI  |p 005300020072  |q 005300020072  |t BK  |y 0 
901 |a BIBL3-2002-2 
909 |a Σ  |b 102154 
922 |a 3ΕΛΗ  |b 200202  |c ΤΠΕΣ  |d ΠΑΠΑΣΩΤΗΡΙΟΥ 
950 |a 133-2002-02-18 
970 |a ΚΟΣΙΕΡΗΣ  |b ΧΡΗΣΤΟΣ  |z 2002/07/08